00961cam a22002653a 450000100060000000300060000600500170001200800410002904000150007004200070008505000070009210000270009924501620012626000290028850600300031751600200034765300120036765300220037974001230040183000290052485600420055394200070059599900190060295200740062135752PGUSA20140828083753.0110402s2011||||xxu|||||s|||||000 | eng d aPGUSAbeng adc 4aSH1 aBlacker, W.q(William)10aBlacker's Art of Fly Making, &c. :bComprising Angling, and Dyeing of Colours, with Engravings of Salmon and Trout Fliesh[electronic resource] /cW. Blacker bProject Gutenberg,c2011 aPublic domain in the USA. aElectronic text aFishing aFlies, Artificial0 aBlacker's Art of Fly Making, Etc. Comprising Angling, and Dyeing of Colours, with Engravings of Salmon and Trout Flies 0aProject Gutenbergv3575240uhttp://www.gutenberg.org/ebooks/35752 cEB c265007d265007 001040aGTBbGTBd2014-08-28l0r2014-08-28 00:00:00w2014-08-28yEB